|
|
|
|
| LEADER |
00000cam a2200000 a 4500 |
| 001 |
UCI8159 |
| 003 |
CL-VaPUC |
| 008 |
080807e20080000AG |||||||||||||||||spa|d |
| 020 |
|
|
|a 9789509080362
|
| 082 |
0 |
4 |
|a 523.1
|b HAW
|2 21
|
| 100 |
|
|
|a Hawking, Lucy
|e author
|9 549145
|
| 700 |
0 |
|
|a Hawking, Stephen W
|e author
|9 321623
|
| 245 |
1 |
3 |
|a La clave secreta del universo
|
| 250 |
|
|
|a 1a. ed
|
| 300 |
|
|
|a 220 p
|
| 942 |
|
|
|c BK
|
| 945 |
|
|
|d 20080807 00:00:00
|a jtorresc
|
| 260 |
|
|
|a Buenos Aires
|b Montena
|c 2008
|
| 650 |
|
0 |
|a Universo
|9 266563
|
| 650 |
|
0 |
|a Cosmología
|9 269138
|
| 650 |
|
0 |
|a Astronomía
|9 260985
|
| 650 |
|
7 |
|a SISTEMA SOLAR
|2 CL-VaPUC
|9 268650
|
| 583 |
|
|
|a last modification
|c 20120726 11:16:53
|k Rodrigo Vera
|
| 490 |
0 |
|
|a Infinita
|
| 999 |
|
|
|c 331184
|d 331182
|
| 952 |
|
|
|0 0
|1 0
|4 0
|6 523_100000000000000_HAW_2008
|7 0
|8 A
|9 417402
|a BIBCUR
|b BIBCUR
|d 2019-11-22
|i 4471512
|l 1
|o 523.1 HAW 2008
|p 4471512
|r 2025-04-22
|s 2023-06-22
|w 2019-11-22
|y BK
|k FIS
|
| 952 |
|
|
|0 0
|1 0
|4 0
|6 523_100000000000000_HAW_2008
|7 0
|8 A
|9 417403
|a BIBCUR
|b BIBCUR
|d 2019-11-22
|i 4471520
|o 523.1 HAW 2008
|p 4471520
|r 2025-04-22
|w 2019-11-22
|y BK
|k FIS
|
| 952 |
|
|
|0 0
|1 0
|4 0
|6 523_100000000000000_HAW_2008
|7 0
|8 A
|9 417404
|a BIBCUR
|b BIBCUR
|d 2019-11-22
|i 4471539
|l 1
|m 2
|o 523.1 HAW 2008
|p 4471539
|r 2025-04-22
|s 2024-04-16
|w 2019-11-22
|y BK
|k FIS
|
| 952 |
|
|
|0 0
|1 0
|4 0
|6 523_100000000000000_HAW_2008
|7 0
|8 A
|9 417405
|a BIBING
|b BIBING
|d 2019-11-22
|i 4872878
|l 1
|o 523.1 HAW 2008
|p 4872878
|r 2025-01-20
|s 2022-10-04
|w 2019-11-22
|y BK
|k CUI
|